| 000 | 00972nam a22002177a 4500 | ||
|---|---|---|---|
| 003 | OSt | ||
| 005 | 20250917174209.0 | ||
| 008 | 240326b ||||| |||| 00| 0 eng d | ||
| 040 | _c0 | ||
| 082 | _aDPer 621.381 In821 September 2022 v. 37 n. 9 | ||
| 100 |
_aSong, Zaixin. _eauthor. _955460 |
||
| 245 |
_aImproved multi-stage decoupling space vector modulation for asymmetrical multi-phase PMSM with series winding connection / _cZaixin Song, Chunhua Liu, Zhiping Dong, and Rundong Huang. |
||
| 260 |
_aNew York ; _bThe Institute of Electrical and Electronics Engineers, Inc. , _cSeptember 2022. |
||
| 300 |
_aVolume 37, pages 10951-10966 : _billustration ; _c28 cm. |
||
| 500 | _aIEEE Transitions on Power Electronics, v. 37 n. 9, pages 10951-10966, September 2022. | ||
| 700 |
_aSong, Zaixin. _eauthor. _955460 |
||
| 700 |
_aLiu, Chunhua. _eauthor. _955461 |
||
| 700 |
_aDong, Zhiping. _eauthor. _955462 |
||
| 700 |
_aHuang, Rundong. _eauthor. _955463 |
||
| 942 |
_2ddc _cPER |
||
| 999 |
_c19875 _d19875 |
||